00561cam a22002177a 4500003000500000005001700005008004100022010001000063011001000073035001000083040000900093082002200102100002100124245002900145250001000174260005100184300003100235650003300266700002300299700002100322CHAP20220329140649.0971013s1982 r 00010 d a55626 a56598 a60751 cCHAP a636.5084bS2 198200aScott, Milton L. 0aNutrition of the chicken a3 ed. aIthaca, N. Y. :bScoott and Association,c1982 a562 p.b: ilus. ; gráfs.14aAves de corralxNutrición.0 aNesheim, Malden C.0 aYoung, Robert J.